[Event "Championnat de France des Jeunes - Minim"]
[Site "AIX LES BAINS"]
[Date "2009.??.??"]
[Round "2.14"]
[White "Divine, Armand"]
[Black "Chauvet, Vincent"]
[Result "0-1"]
[WhiteElo "2018"]
[BlackElo "1810"]
[PlyCount "106"]

1. e4 e5 2. Nf3 Nc6 3. Bb5 a6 4. Ba4 b5 5. Bb3 Nf6 6. O-O Bc5 7. Nxe5 Nxe5 8.
d4 Bxd4 9. Qxd4 Nc6 10. Qc5 Qe7 11. Qxe7+ Nxe7 12. Nc3 Bb7 13. Bg5 h6 14. Bh4
Ng6 15. Bg3 d6 16. Rad1 O-O 17. f3 Rfe8 18. a4 b4 19. Nd5 Bxd5 20. exd5 Nh5 21.
Be1 a5 22. Bc4 Ne5 23. Bb5 Re7 24. c3 bxc3 25. Bxc3 f5 26. Rfe1 Nf4 27. Kf2 g5
28. Rd4 Nfg6 29. Rd2 g4 30. Rd4 f4 31. Rde4 h5 32. Bd2 gxf3 33. gxf3 Nh4 34.
Rxf4 Nhg6 35. Rfe4 Rf8 36. Be2 Ref7 37. Rg1 Kh7 38. Rg3 Nf4 39. Bxf4 Rxf4 40.
Ke3 Rxe4+ 41. fxe4 Rd8 42. Bb5 Rf8 43. h3 h4 44. Rg1 Rf3+ 45. Ke2 Rxh3 46. Rc1
Kg6 47. Be8+ Kg5 48. Rxc7 Kf4 49. Bd7 Rh2+ 50. Kf1 Ke3 51. Bf5 Rxb2 52. Rc3+
Kf4 53. Ra3 Nf3 0-1

[Event "Championnat de France des Jeunes - Minim"]
[Site "AIX LES BAINS"]
[Date "2009.??.??"]
[Round "2.15"]
[White "Lebon, Yohan"]
[Black "Fourcand, Pierre"]
[Result "1/2-1/2"]
[WhiteElo "1758"]
[BlackElo "2014"]
[PlyCount "95"]

1. d4 d5 2. Nf3 Nf6 3. Bf4 c5 4. e3 Nc6 5. Be2 Bf5 6. c3 Qb6 7. Qb3 c4 8. Qxb6
axb6 9. Nbd2 b5 10. Nh4 e6 11. Nxf5 exf5 12. O-O b4 13. cxb4 Bxb4 14. Nf3 O-O
15. Ne5 Rfc8 16. Bg5 Ne4 17. Bf4 Be7 18. g4 Nxe5 19. Bxe5 fxg4 20. Bxg4 Rc6 21.
f3 Ng5 22. h4 Ne6 23. h5 Rca6 24. a3 Rb6 25. Rf2 Rb3 26. Rg2 Nd8 27. Re1 c3 28.
bxc3 Rxc3 29. a4 f6 30. Bf4 Kf7 31. Bd7 Nc6 32. Rb1 Rxa4 33. Rxb7 Rb4 34. Bxc6
Rxc6 35. Rxb4 Bxb4 36. Rb2 Be7 37. Rb7 Ke6 38. Rc7 Ra6 39. e4 Bf8 40. Rc8 Bd6
41. exd5+ Kxd5 42. Rd8 Ke6 43. Bxd6 Rxd6 44. Rxd6+ Kxd6 45. Kf2 Kd5 46. Ke3 g6
47. hxg6 hxg6 48. f4 1/2-1/2

[Event "Championnat de France des Jeunes - Minimettes"]
[Site "AIX LES BAINS"]
[Date "2009.04.21"]
[Round "2.1"]
[White "Lefevre, Margaux"]
[Black "Bellotti, Charlotte"]
[Result "1/2-1/2"]
[WhiteElo "2021"]
[BlackElo "1758"]
[Annotator ""]

1. e4 c5 2. Nf3 Nc6 3. d4 cxd4 4. Nxd4 Nf6 5. Nc3 d6 6. Bg5 e6 7. Qd2 Be7 8.
O-O-O a6 9. f4 Bd7 10. Nf3 b5 11. Bxf6 gxf6 12. Kb1 b4 13. Ne2 a5 14. Ned4 Nxd4
15. Nxd4 Rb8 16. Bc4 Qc7 17. Qe2 a4 18. b3 a3 19. Rd3 Qc5 20. Re1 h5 21. Nf3
Bb5 22. Bxb5+ Rxb5 23. Qe3 f5 24. Qxc5 Rxc5 25. Rd4 fxe4 26. Rdxe4 Rb5 27. Nd4
Rb6 28. Ne2 d5 29. Re3 Bf6 30. Rh3 h4 31. Ng1 Rg8 32. g3 hxg3 33. hxg3 Rc6 34.
Ne2 Kd7 35. Rh7 Ke7 36. Rd1 Rgc8 37. Rd2 Bc3 38. Nxc3 Rxc3 39. Rg2 Re3 40. Rh1
Rcc3 41. Rhg1 Re4 42. Kc1 Rce3 43. Kd2 Rc3 44. Kd1 Ree3 45. Kd2 d4 46. Re1 Rxg3
47. Rxg3 Rxg3 48. Re4 Rg2+ 49. Kd3 Rg1 50. Kxd4 Ra1 51. Kd3 Rxa2 52. Rxb4 Ra1
53. Ra4 f5 54. Ke2 a2 55. Kf2 Kd6 56. Kg2 e5 57. fxe5+ Kxe5 58. Kf2 f4 59. Kg2
Kf5 60. b4 Kg4 61. b5 Rb1 62. Rxa2 Rxb5 63. Ra8 Rc5 64. Rg8+ Kf5 65. Rf8+ Ke4
66. Re8+ Kd4 67. Re2 Re5 68. Rxe5 1/2-1/2

[Event "Championnat de France des Jeunes - Minim"]
[Site "AIX LES BAINS"]
[Date "2009.??.??"]
[Round "2.2"]
[White "Guo, Charlotte"]
[Black "Neuhauser, Salome"]
[Result "0-1"]
[WhiteElo "1713"]
[BlackElo "1977"]
[PlyCount "58"]

1. e4 c5 2. Nf3 d6 3. d4 cxd4 4. Nxd4 Nf6 5. Nc3 a6 6. Bg5 e6 7. Be2 Be7 8. f4
Nbd7 9. Qd2 Qc7 10. f5 e5 11. Nf3 b5 12. O-O Bb7 13. Bd3 b4 14. Nd5 Nxd5 15.
exd5 f6 16. Be3 Bxd5 17. Be2 Bb7 18. Qxb4 d5 19. Qd2 Nb6 20. c3 Nc4 21. Bxc4
Qxc4 22. Qf2 Rc8 23. Nd2 Qb5 24. Nb3 a5 25. a4 Qxb3 26. Bb6 O-O 27. Kh1 Ra8 28.
Be3 Rfc8 29. Qd2 d4 0-1

[Event "Championnat de France des Jeunes - Minim"]
[Site "AIX LES BAINS"]
[Date "2009.??.??"]
[Round "2.3"]
[White "Haussernot, Cecile"]
[Black "Uhl, Sarah"]
[Result "1-0"]
[WhiteElo "1924"]
[BlackElo "1729"]
[PlyCount "79"]

1. e4 c5 2. Nc3 Nc6 3. g3 d6 4. Bg2 g6 5. Nge2 Bg7 6. O-O e6 7. d3 Nge7 8. Bg5
O-O 9. Qd2 a6 10. a4 Rb8 11. Bh6 b6 12. Bxg7 Kxg7 13. f4 Bb7 14. d4 Kg8 15.
Rad1 Ba8 16. g4 f5 17. gxf5 exf5 18. d5 Na5 19. b3 fxe4 20. Bxe4 Bb7 21. Ng3
Bc8 22. Qd3 Nf5 23. Nce2 Qf6 24. Nxf5 Bxf5 25. Ng3 b5 26. Bxf5 gxf5 27. Kh1 Kh8
28. axb5 axb5 29. Rde1 c4 30. Qd2 Nb7 31. Re6 Qf7 32. Nh5 Qxh5 33. Qd4+ Kg8 34.
Rg1+ Qg4 35. Rxg4+ fxg4 36. f5 Rf7 37. f6 h5 38. Qe4 Ra8 39. Re8+ Rxe8 40.
Qxe8+ 1-0

[Event "Championnat de France des Jeunes - Minim"]
[Site "AIX LES BAINS"]
[Date "2009.??.??"]
[Round "2.4"]
[White "Lenoel, Marine"]
[Black "Auvray, Juliette"]
[Result "0-1"]
[WhiteElo "1687"]
[BlackElo "1921"]
[PlyCount "106"]

1. e4 c6 2. d4 d5 3. exd5 cxd5 4. c4 Nf6 5. Nc3 Nc6 6. Nf3 Bg4 7. Be3 e6 8.
cxd5 Nxd5 9. Be2 Bb4 10. Rc1 Rc8 11. O-O Nxc3 12. bxc3 Ba5 13. Qb3 Bb6 14. Rfe1
O-O 15. Rcd1 Na5 16. Qb4 Bc7 17. Nd2 Bxe2 18. Rxe2 Bd6 19. Qb2 Qc7 20. Ne4
Bxh2+ 21. Kh1 Nc4 22. Qb3 Nxe3 23. fxe3 Bg3 24. c4 Bh4 25. c5 b6 26. Rc1 Qd7
27. Rec2 Qd5 28. Qxd5 exd5 29. Nc3 Rfd8 30. Na4 bxc5 31. Rxc5 Rxc5 32. Rxc5 Bg5
33. Rc3 h6 34. Kg1 Rb8 35. Kf2 Rb4 36. Nc5 Rb2+ 37. Kf3 Rxa2 38. Rb3 Ra1 39.
Kf2 a5 40. Rb8+ Kh7 41. Ra8 Ra3 42. Re8 a4 43. Ke2 Ra2+ 44. Kf3 a3 45. Ra8 Ra1
46. Ke2 a2 47. Nd3 Rg1 48. Rxa2 Rxg2+ 49. Nf2 Bh4 50. Kf3 Rxf2+ 51. Rxf2 Bxf2
52. Kxf2 Kg6 53. Kf3 Kf5 0-1

[Event "Championnat de France des Jeunes - Minim"]
[Site "AIX LES BAINS"]
[Date "2009.??.??"]
[Round "2.5"]
[White "Llacer, Cassandra"]
[Black "Benac, Anais"]
[Result "0-1"]
[WhiteElo "1910"]
[BlackElo "1680"]
[PlyCount "66"]

1. e4 e5 2. Bc4 Bc5 3. Nc3 Nf6 4. d3 Nc6 5. Be3 Bxe3 6. fxe3 d6 7. Nf3 Ng4 8.
Qe2 Na5 9. Bb3 Nxb3 10. axb3 c6 11. O-O Be6 12. d4 f6 13. h3 Nh6 14. Nh4 O-O
15. Nf5 Bxf5 16. exf5 Re8 17. d5 Qd7 18. e4 c5 19. g4 a6 20. Qe3 Qe7 21. Kh2
Kh8 22. Rg1 Nf7 23. Ne2 Rg8 24. c4 g6 25. Ng3 Rg7 26. Raf1 Kg8 27. g5 Nxg5 28.
h4 Nf7 29. h5 g5 30. h6 Nxh6 31. Nh5 Rf7 32. Rxg5+ fxg5 33. f6 Ng4+ 0-1

[Event "Championnat de France des Jeunes - Minim"]
[Site "AIX LES BAINS"]
[Date "2009.??.??"]
[Round "2.6"]
[White "Josse, Mathilde"]
[Black "De Seroux, Camille"]
[Result "0-1"]
[WhiteElo "1681"]
[BlackElo "1909"]
[PlyCount "90"]

1. e4 c5 2. Nf3 g6 3. d4 cxd4 4. Nxd4 Nf6 5. Nc3 Bg7 6. Be3 Nc6 7. Nxc6 bxc6 8.
Bc4 d6 9. O-O O-O 10. f3 Qa5 11. Rb1 Rb8 12. a3 Nd7 13. Bd4 Ne5 14. Bb3 Ba6 15.
Re1 c5 16. Bxe5 Bxe5 17. Nd5 Rb7 18. c3 e6 19. f4 Bg7 20. Ne3 Rfb8 21. Nc4 Bxc4
22. Bxc4 Bxc3 23. Rf1 Bd4+ 24. Kh1 Rxb2 25. Rxb2 Rxb2 26. f5 Qc3 27. Bxe6 Rf2
28. Bd5 Qxa3 29. h3 Rxf1+ 30. Qxf1 Qa1 31. Qxa1 Bxa1 32. g4 Kg7 33. Kg2 f6 34.
h4 Bc3 35. Kf3 Be1 36. h5 gxh5 37. gxh5 a5 38. Bb3 Bd2 39. Bc2 c4 40. Bd1 Kf8
41. Ke2 Bf4 42. Bc2 Ke7 43. Ba4 Kd8 44. Kd1 Kc7 45. Kc2 Kb6 0-1

[Event "Championnat de France des Jeunes - Minim"]
[Site "AIX LES BAINS"]
[Date "2009.??.??"]
[Round "2.7"]
[White "Le Bail, Arielle"]
[Black "Abidi, Ines"]
[Result "1-0"]
[WhiteElo "1859"]
[BlackElo "1643"]
[PlyCount "79"]

1. d4 e6 2. c4 Nf6 3. Nc3 Bb4 4. e3 b6 5. Qf3 d5 6. Bd3 Bb7 7. Nge2 Nbd7 8. Qg3
O-O 9. O-O Bd6 10. Qh3 dxc4 11. Bxc4 Ne4 12. Bd3 Ndf6 13. Nb5 Ng5 14. Qh4 Nfe4
15. Qh5 g6 16. Qh6 f5 17. Nxd6 Qxd6 18. f3 Nf7 19. Qh4 Neg5 20. Bc2 Qd8 21. Qg3
Qd6 22. h4 Nxf3+ 23. gxf3 Qxg3+ 24. Nxg3 e5 25. Bd2 Rad8 26. Bc3 exd4 27. Bxd4
Rfe8 28. Kf2 c5 29. Bc3 b5 30. Rfd1 b4 31. Bf6 Rxd1 32. Rxd1 Bc6 33. Bb3 Kf8
34. Ne2 a5 35. a4 h6 36. Nf4 g5 37. hxg5 hxg5 38. Ng6+ Kg8 39. Rh1 c4 40. Bxc4
1-0

[Event "Championnat de France des Jeunes - Minim"]
[Site "AIX LES BAINS"]
[Date "2009.??.??"]
[Round "2.8"]
[White "Perrier, Lea"]
[Black "Soubirou, Oriane"]
[Result "0-1"]
[WhiteElo "1596"]
[BlackElo "1855"]
[PlyCount "100"]

1. e4 c5 2. Nc3 a6 3. g3 b5 4. Bg2 Bb7 5. f4 e6 6. d3 d5 7. e5 Nc6 8. Nf3 Qb6
9. O-O g6 10. Ne2 h5 11. h3 Nh6 12. Be3 d4 13. Bf2 Be7 14. Qd2 Rd8 15. c3 Nf5
16. Rac1 c4 17. cxd4 Ncxd4 18. Nfxd4 Bxg2 19. Kxg2 Nxd4 20. Nxd4 Rxd4 21. Bxd4
Qxd4 22. Rfd1 Qd5+ 23. Kh2 h4 24. g4 Qf3 25. dxc4 Qg3+ 26. Kh1 Qxh3+ 27. Qh2
Qxg4 28. cxb5 O-O 29. Rf1 axb5 30. Qg2 Qf5 31. Rc3 Rd8 32. Qh3 Qe4+ 33. Qf3 Qd4
34. Qf2 Qd5+ 35. Qg2 Qxa2 36. f5 exf5 37. Rxf5 Rd1+ 38. Kh2 Qe6 39. Rf1 Qxe5+
40. Kh1 Rxf1+ 41. Qxf1 b4 42. Rf3 Bd6 43. Qf2 Qe7 44. Re3 Qb7+ 45. Qf3 Qxf3+
46. Rxf3 Kg7 47. Rd3 Be5 48. b3 g5 49. Kg2 Kg6 50. Kh3 f5 0-1

[Event "Championnat de France des Jeunes - Minim"]
[Site "AIX LES BAINS"]
[Date "2009.??.??"]
[Round "2.9"]
[White "Ranc, Candice"]
[Black "Armas, Lena"]
[Result "0-1"]
[WhiteElo "1590"]
[BlackElo "1814"]
[PlyCount "52"]

1. e4 Nf6 2. e5 Nd5 3. c4 Nb6 4. c5 Nd5 5. Bc4 e6 6. d4 Nc6 7. Bxd5 exd5 8. Nc3
d6 9. cxd6 cxd6 10. Nf3 dxe5 11. dxe5 d4 12. Ne2 Nxe5 13. Nfxd4 Bb4+ 14. Bd2
Nd3+ 15. Kf1 Nxb2 16. Qc2 Bxd2 17. Qxd2 Nc4 18. Qb4 Nd6 19. f3 O-O 20. Kf2 Qe7
21. Qb3 Nf5 22. Rhe1 Nxd4 23. Nxd4 Qh4+ 24. Ke3 Re8+ 25. Kd3 Rxe1 26. Rxe1 Qxe1
0-1

[Event "Championnat de France des Jeunes - Minim"]
[Site "AIX LES BAINS"]
[Date "2009.??.??"]
[Round "2.10"]
[White "Colin, Phanie"]
[Black "Daadaa, Soha"]
[Result "0-1"]
[WhiteElo "1800"]
[BlackElo "1590"]
[PlyCount "30"]

1. c4 e5 2. Nc3 Nf6 3. Nf3 Nc6 4. g3 d5 5. cxd5 Nxd5 6. d3 Nb6 7. Bg2 Be7 8.
O-O O-O 9. Bd2 Be6 10. a3 a5 11. Rc1 f5 12. Na4 Rb8 13. Qc2 e4 14. Ne1 Nd4 15.
Qxc7 Nxa4 0-1

[Event "Championnat de France des Jeunes - Minim"]
[Site "AIX LES BAINS"]
[Date "2009.??.??"]
[Round "2.11"]
[White "Generet, Elise"]
[Black "Copin, Oceane"]
[Result "0-1"]
[WhiteElo "1450"]
[BlackElo "1790"]
[PlyCount "72"]

1. e4 d5 2. exd5 Qxd5 3. Nc3 Qd6 4. Nf3 Bg4 5. Be2 Nf6 6. b3 Nc6 7. Bb2 h6 8.
d3 O-O-O 9. Qd2 e5 10. O-O-O Qe6 11. Qe3 Bh5 12. h3 Bb4 13. Kb1 Qe7 14. Ne4 Nd5
15. Qc1 f5 16. Ng3 Bg6 17. c3 Bc5 18. Rhf1 Nf4 19. Ne1 Nxe2 20. Nxe2 f4 21. Ka1
Bh5 22. g4 fxg3 23. Nxg3 Bxd1 24. Qxd1 Qh4 25. Qg4+ Qxg4 26. hxg4 Rhf8 27. Ne4
Bb6 28. Kb1 Rf4 29. Kc2 Rdf8 30. f3 Rxg4 31. a3 Rh4 32. c4 Rh2+ 33. Kc1 Be3+
34. Kb1 Bd4 35. Nc2 Bxb2 36. Kxb2 Nd4 0-1

[Event "Championnat de France des Jeunes - Minim"]
[Site "AIX LES BAINS"]
[Date "2009.??.??"]
[Round "2.12"]
[White "Alonso, Audrey"]
[Black "Roger, Juliette"]
[Result "1-0"]
[WhiteElo "1774"]
[BlackElo "1520"]
[PlyCount "117"]

1. e4 c5 2. c4 Nc6 3. g3 g6 4. Bg2 Bg7 5. Nc3 d6 6. Nge2 e6 7. O-O Nge7 8. f4
O-O 9. d3 Nd4 10. Be3 Nec6 11. Kh1 a6 12. Bg1 Rb8 13. Rc1 b5 14. Nxd4 Nxd4 15.
b3 b4 16. Ne2 Nxe2 17. Qxe2 Qc7 18. Rcd1 Re8 19. d4 h5 20. Rd3 cxd4 21. Bxd4
Bxd4 22. Rxd4 Qc5 23. Rfd1 Rb6 24. Qd2 a5 25. Rxd6 Rxd6 26. Qxd6 Qf2 27. Qd2
Qc5 28. e5 Rf8 29. Qd4 Qc7 30. Qd6 Qa7 31. Qd4 Qc7 32. c5 Ba6 33. c6 Bc8 34.
Rd2 Kg7 35. Qc5 Rd8 36. Rd6 Rf8 37. Bf1 Rd8 38. Bb5 Rf8 39. Kg2 Rd8 40. Qd4 Rf8
41. Kf3 Re8 42. Ke4 Rf8 43. Kf3 Rh8 44. Qd3 Qb6 45. Kg2 Rf8 46. Qc4 Qc7 47. Ba6
Re8 48. Qb5 Rf8 49. Kf3 Rh8 50. Bxc8 Rxc8 51. Qb7 Qxb7 52. cxb7 Rb8 53. Rb6 Kf8
54. Ke3 Ke7 55. Kd4 Kd7 56. Kc5 Kc7 57. Kb5 Kd7 58. Kxa5 Kc7 59. Kb5 1-0

[Event "Championnat de France des Jeunes - Minim"]
[Site "AIX LES BAINS"]
[Date "2009.??.??"]
[Round "2.13"]
[White "Saucey, Capucine"]
[Black "Marange, Elise"]
[Result "1-0"]
[WhiteElo "1764"]
[BlackElo "1340"]
[PlyCount "53"]

1. e4 d5 2. exd5 Qxd5 3. Nc3 Qa5 4. d4 Nf6 5. Bc4 Bg4 6. f3 Bf5 7. Nge2 e5 8.
Bb5+ c6 9. dxe5 Nfd7 10. Bd3 Bxd3 11. Qxd3 Qxe5 12. Bf4 Qh5 13. O-O-O Be7 14.
Ng3 Qg6 15. Nf5 Nc5 16. Nd6+ Kf8 17. Qe3 Nbd7 18. Rhe1 Ne6 19. Nxb7 Nb6 20. Bd6
Nc4 21. Bxe7+ Kxe7 22. Qc5+ Kf6 23. Qxc4 Rab8 24. Ne4+ Kf5 25. Nbd6+ Ke5 26.
Qc3+ Kf4 27. g3+ 1-0

[Event "Championnat de France des Jeunes - Minim"]
[Site "AIX LES BAINS"]
[Date "2009.??.??"]
[Round "2.14"]
[White "Briatte, Coline"]
[Black "Thuret, Marine"]
[Result "0-1"]
[WhiteElo "1400"]
[BlackElo "1764"]
[PlyCount "59"]

1. e4 c5 2. Nf3 d6 3. d4 cxd4 4. Nxd4 Nf6 5. Nc3 g6 6. f4 Bg7 7. e5 Ng8 8. Bb5+
Bd7 9. e6 Bxb5 10. exf7+ Kxf7 11. Ndxb5 Nf6 12. Nd5 Qa5+ 13. Nbc3 Nbd7 14. O-O
Rhf8 15. Qf3 Rae8 16. Nxf6 Nxf6 17. Qxb7 Kg8 18. Be3 Qf5 19. Qb3+ Kh8 20. Bxa7
Qh5 21. Rf3 e5 22. Ne2 e4 23. Rh3 Qxe2 24. Bd4 Rc8 25. Qe6 Rxc2 26. Rg3 Nh5 27.
Bxg7+ Kxg7 28. Rg5 Nxf4 29. Qg4 Nh3+ 30. Qxh3 0-1

[Event "Championnat de France des Jeunes - Minim"]
[Site "AIX LES BAINS"]
[Date "2009.??.??"]
[Round "2.15"]
[White "Kohi, Camilla"]
[Black "Pinault, Mailys"]
[Result "0-1"]
[WhiteElo "1843"]
[BlackElo "1686"]
[PlyCount "50"]

1. d4 d5 2. c4 e6 3. Nf3 Nf6 4. Nc3 c6 5. Bg5 Nbd7 6. e3 Bb4 7. Qc2 Qa5 8. Nd2
O-O 9. Nb3 Bxc3+ 10. bxc3 Qc7 11. Bd3 dxc4 12. Bxc4 e5 13. Bd3 Re8 14. f3 h6
15. Bxf6 Nxf6 16. e4 Be6 17. Nc5 Rad8 18. Nxe6 Rxe6 19. Bc4 Re7 20. dxe5 Qxe5
21. Qb3 Nxe4 22. fxe4 Qxe4+ 23. Kf1 Qf4+ 24. Kg1 Qe3+ 25. Kf1 Rd2 0-1

[Event "Championnat de France des Jeunes - Benjamins"]
[Site "AIX LES BAINS"]
[Date "2009.04.21"]
[Round "2.1"]
[White "Leriche, Luc"]
[Black "Giroyan, Gary"]
[Result "*"]
[WhiteElo "1837"]
[BlackElo "2168"]
[Annotator ""]

1. e4 c5 2. Nf3 e6 3. d4 cxd4 4. Nxd4 a6 5. a4 d6 6. Nc3 Nf6 7. Bc4 b6 8. O-O
Bb7 9. Qe2 Nbd7 10. f4 Nc5 11. Bd3 Be7 12. b4 Nxd3 13. cxd3 O-O 14. b5 axb5 15.
Ndxb5 e5 16. fxe5 dxe5 17. Ba3 Bxa3 18. Rxa3 Bc6 19. Rf5 Nd7 20. d4 g6 21. Rf3
exd4 22. Nxd4 Bb7 23. Ndb5 Ne5 24. Rh3 Qg5 25. Ra1 Rad8 26. Rg3 Qd2 27. Qf1 Qc2
28. Ra2 Qb3 29. Nd5 Qc4 30. Qxc4 Nxc4 31. Rc2 Ne5 32. Nbc7 Kh8 33. Rb3 Bc6 34.
Rxb6 Bxa4 35. Ra2 Bd7 36. Ra7 f5 37. Rbb7 Bc6 38. Ne6 Bxb7 39. Rxb7 Rb8 40. Re7
Ng4 41. g3 Rb1+ 42. Kg2 Rb2+ 43. Kg1 Ra8 44. Rxh7+ Kxh7 45. Ng5+ Kh8 46. Nf6
0-1

[Event "Championnat de France des Jeunes - Benja"]
[Site "AIX LES BAINS"]
[Date "2009.04.20"]
[Round "2.2"]
[White "Loiseau, Quentin"]
[Black "Paci, Nicolas"]
[Result "1-0"]
[WhiteElo "2076"]
[BlackElo "1825"]
[PlyCount "121"]

1. d4 Nf6 2. c4 d6 3. Nf3 g6 4. Nc3 Bg7 5. e4 O-O 6. h3 c5 7. d5 e5 8. Bg5 h6
9. Bh4 Qb6 10. Qc2 Nh5 11. g4 Nf4 12. Nd2 Na6 13. a3 Bd7 14. Rb1 Qc7 15. f3
Rab8 16. Bf2 Rfc8 17. Nb5 Qb6 18. b4 Bf8 19. h4 Nc7 20. a4 Nxb5 21. axb5 a6 22.
bxc5 dxc5 23. Be3 Bg7 24. Kf2 a5 25. Be2 Qd8 26. h5 g5 27. b6 a4 28. Qa2 Ra8
29. Qa3 Bf8 30. Rb2 Qf6 31. Rhb1 Bxg4 32. fxg4 Nd3+ 33. Kg2 Nxb2 34. Rxb2 Ra6
35. Rb5 Rxb6 36. Qxa4 Ra6 37. Qb3 b6 38. Nf1 Rca8 39. Qc3 Ra2 40. Ng3 R8a3 41.
Rb3 Ra4 42. Bd2 b5 43. Nf5 bxc4 44. Rb8 R4a3 45. Qxc4 Rxd2 46. Qxc5 Rxe2+ 47.
Kf1 Ra1+ 48. Kxe2 Qa6+ 49. Qb5 Qa2+ 50. Kf3 Qa3+ 51. Ne3 Re1 52. Qb3 Qc5 53.
Qd3 Rc1 54. d6 Rc3 55. Qxc3 Qxc3 56. d7 Qa1 57. Rxf8+ Kxf8 58. d8=Q+ Kg7 59.
Qd1 Qa6 60. Qd5 Qf6+ 61. Nf5+ 1-0

[Event "Championnat de France des Jeunes - Benja"]
[Site "AIX LES BAINS"]
[Date "2009.04.20"]
[Round "2.3"]
[White "Siclet, Mathieu"]
[Black "Roubaud, Alexandre"]
[Result "0-1"]
[WhiteElo "1835"]
[BlackElo "2074"]
[PlyCount "64"]

1. e4 e5 2. Nf3 Nc6 3. Bb5 a6 4. Ba4 Nf6 5. O-O Be7 6. Re1 b5 7. Bb3 d6 8. c3
O-O 9. d3 Na5 10. Bc2 c5 11. Nbd2 Ne8 12. a4 Rb8 13. Nf1 Nc6 14. Ng3 g6 15. Bh6
Ng7 16. d4 cxd4 17. cxd4 Bg4 18. Be3 exd4 19. Bxd4 Nxd4 20. Qxd4 Bxf3 21. gxf3
Ne6 22. Qd3 Nf4 23. Qf1 Bf6 24. Reb1 Qb6 25. Ne2 Be5 26. Nxf4 Bxf4 27. axb5
axb5 28. b4 Rfe8 29. Bb3 Re5 30. Qh3 Rf8 31. Qd7 Qd4 32. Ra8 Rg5+ 0-1

[Event "Championnat de France des Jeunes - Benja"]
[Site "AIX LES BAINS"]
[Date "2009.04.20"]
[Round "2.4"]
[White "Thon, Gabriel"]
[Black "Wurtz, Guillaume"]
[Result "0-1"]
[WhiteElo "2057"]
[BlackElo "1822"]
[PlyCount "84"]

1. e4 c5 2. Nf3 Nc6 3. d4 cxd4 4. Nxd4 e5 5. Nb5 d6 6. a4 Be6 7. N1c3 Rc8 8.
Nd5 a6 9. Nbc3 Nf6 10. Bg5 Be7 11. Bxf6 Bxf6 12. Bd3 O-O 13. O-O Bg5 14. Ra3
Na5 15. Qe2 g6 16. f3 Bh6 17. Kh1 f5 18. Rd1 f4 19. Qf2 Nc6 20. Nb6 Rc7 21.
Ncd5 Rg7 22. b4 g5 23. b5 Nb8 24. h3 g4 25. fxg4 Bg5 26. Be2 Bh4 27. Qf1 Bg3
28. Nc4 Bxg4 29. Nc3 Qh4 30. Bxg4 Rxg4 31. Nd2 Qh6 32. Nf3 Rg6 33. Nd5 Bh4 34.
Qc4 Kh8 35. Rb3 Rfg8 36. Rd2 Nd7 37. bxa6 bxa6 38. Rb7 Nc5 39. Rc7 Bd8 40. Nxe5
dxe5 41. Rxc5 Rxg2 42. Nxf4 Rxd2 0-1

[Event "Championnat de France des Jeunes - Benja"]
[Site "AIX LES BAINS"]
[Date "2009.04.20"]
[Round "2.5"]
[White "Civit, Pierre"]
[Black "Grandadam, Patrick"]
[Result "0-1"]
[WhiteElo "1819"]
[BlackElo "2055"]
[PlyCount "82"]
[EventDate "2009.??.??"]

1. c4 e6 2. Nc3 d5 3. d4 c6 4. e4 dxe4 5. g3 Nf6 6. Bg2 Bb4 7. Nge2 c5 8. Be3
cxd4 9. Qxd4 Qxd4 10. Bxd4 Nbd7 11. O-O e5 12. Be3 Bc5 13. Nxe4 Nxe4 14. Bxe4
Bxe3 15. fxe3 Nc5 16. Nc3 Nxe4 17. Nxe4 Ke7 18. Rad1 Be6 19. Nc5 Bh3 20. Rf2 b6
21. Ne4 f6 22. Nc3 Bg4 23. Nd5+ Kf7 24. Rd3 Rhd8 25. Kg2 Rac8 26. b3 Be6 27. h3
b5 28. Rdd2 bxc4 29. bxc4 Rxc4 30. e4 Rxe4 31. Nxf6 Rxd2 32. Nxe4+ Rxf2+ 33.
Kxf2 Bxa2 34. Ke3 h6 35. h4 a5 36. Nc3 Bb3 37. Ke4 a4 38. Nb5 Kf6 39. Na3 Ke6
40. Nb5 Bc2+ 41. Kf3 Kd5 0-1

[Event "Championnat de France des Jeunes - Benja"]
[Site "AIX LES BAINS"]
[Date "2009.04.20"]
[Round "2.6"]
[White "Gros, Alexandre"]
[Black "Neri, Jean-Baptiste"]
[Result "0-1"]
[WhiteElo "1813"]
[BlackElo "2009"]
[PlyCount "60"]

1. Nf3 c5 2. g3 b6 3. Bg2 Bb7 4. c4 Nf6 5. O-O e6 6. Nc3 a6 7. e3 Be7 8. d4 O-O
9. Ne5 Bxg2 10. Kxg2 Qc7 11. b3 Nc6 12. Nf3 cxd4 13. exd4 d5 14. Bf4 Bd6 15.
Bxd6 Qxd6 16. Na4 Rab8 17. c5 bxc5 18. dxc5 Qc7 19. Nd4 e5 20. Nxc6 Qxc6 21.
Kg1 Rfe8 22. Rc1 Rbd8 23. Nb6 d4 24. Rc4 d3 25. b4 e4 26. Re1 d2 27. Re2 e3 28.
Rxe3 Rxe3 29. fxe3 Qe6 30. Rc3 Qg4 0-1

[Event "Championnat de France des Jeunes - Benja"]
[Site "AIX LES BAINS"]
[Date "2009.04.20"]
[Round "2.7"]
[White "Gueriche, Guillaume"]
[Black "Deslias, Gregoire"]
[Result "1-0"]
[WhiteElo "1972"]
[BlackElo "1806"]
[PlyCount "145"]

1. d4 Nf6 2. Nf3 e6 3. Bg5 d5 4. c4 Nbd7 5. cxd5 exd5 6. e3 Be7 7. Bd3 c6 8.
Nc3 O-O 9. O-O Re8 10. h3 Nf8 11. Bxf6 Bxf6 12. b4 a5 13. a3 b6 14. Qc2 Bb7 15.
Nd2 Qd6 16. Na4 axb4 17. axb4 Ba6 18. Bxa6 Rxa6 19. b5 cxb5 20. Nc3 Rxa1 21.
Rxa1 Rc8 22. Qb3 b4 23. Nxd5 Be7 24. e4 Rc3 25. Nxc3 Qxd4 26. Nf3 Qxc3 27. Qxc3
bxc3 28. Rc1 Bb4 29. Nd4 Ne6 30. Nc6 Bc5 31. Rxc3 g6 32. Kf1 Kg7 33. Nb8 Bd6
34. Nc6 Bc5 35. f3 Kf6 36. g3 h5 37. Ke2 Nd4+ 38. Nxd4 Bxd4 39. Rc6+ Ke7 40.
Kd3 Bf2 41. g4 hxg4 42. hxg4 Kd7 43. Rc2 Bc5 44. Kc4 Ke6 45. Ra2 Ke5 46. Ra7 f6
47. Kd3 g5 48. Rd7 Bd6 49. Kc4 Ke6 50. Rd8 Ke7 51. Ra8 Ke6 52. Kb5 Ke5 53. Rd8
Bc5 54. Rd5+ Ke6 55. Kc6 Be3 56. Rf5 Bd4 57. Rd5 Be3 58. Rd8 Ke5 59. Rd5+ Ke6
60. Kb5 Bc5 61. Kc4 Be3 62. Rf5 Bc5 63. e5 fxe5 64. Rxg5 Be3 65. Rg6+ Kf7 66.
Rc6 Kg7 67. Re6 Bd4 68. Kd5 b5 69. Rxe5 Bc3 70. Re7+ Kf6 71. Rb7 b4 72. Kc4 Kg5
73. Rxb4 1-0

[Event "Championnat de France des Jeunes - Benja"]
[Site "AIX LES BAINS"]
[Date "2009.04.20"]
[Round "2.8"]
[White "Bernard, Alien"]
[Black "Aubry, Yannis"]
[Result "1-0"]
[WhiteElo "1800"]
[BlackElo "1932"]
[PlyCount "55"]

1. e4 c5 2. Nc3 Nc6 3. g3 g6 4. Bg2 Bg7 5. d3 d6 6. f4 e6 7. Nf3 Nge7 8. O-O
O-O 9. Be3 Nd4 10. e5 Nef5 11. Bf2 Nxf3+ 12. Qxf3 Nd4 13. Qd1 dxe5 14. fxe5
Bxe5 15. Ne4 Qc7 16. c3 Nc6 17. Bxc5 Rd8 18. d4 b6 19. Ba3 Bb7 20. Qf3 Bg7 21.
Nd6 Rab8 22. Nxb7 Nxd4 23. cxd4 Bxd4+ 24. Kh1 Rd5 25. Bd6 Rxd6 26. Nxd6 Qxd6
27. Qxf7+ Kh8 28. Rac1 1-0

[Event "Championnat de France des Jeunes - Benja"]
[Site "AIX LES BAINS"]
[Date "2009.04.20"]
[Round "2.9"]
[White "Cabanes, Kim"]
[Black "Delvaux, Robin"]
[Result "1-0"]
[WhiteElo "1932"]
[BlackElo "1785"]
[PlyCount "59"]

1. d4 d5 2. Bf4 Nc6 3. e3 Bf5 4. a3 e6 5. Nf3 Nf6 6. Bd3 Bg6 7. O-O Bd6 8. Bg3
Qe7 9. c4 O-O 10. Bh4 dxc4 11. Bxc4 Rfd8 12. Nc3 Na5 13. Bd3 c5 14. Bxg6 hxg6
15. Qa4 Nc6 16. dxc5 Bxc5 17. Rad1 a6 18. e4 b5 19. Rxd8+ Qxd8 20. Qc2 Qb6 21.
b4 Bd4 22. Ne2 Be5 23. Rc1 Nd4 24. Nexd4 Bxd4 25. Qc8+ Qd8 26. Qxd8+ Rxd8 27.
e5 Bb2 28. Rb1 Bxa3 29. exf6 gxf6 30. Bxf6 1-0